000 00743nam a22002417a 4500
999 _c33724
_d33724
001 3006
003 CO-MdFUSB
005 20180622073127.0
008 180420s1963 ag ||||| |||| 00| 0 spa d
040 _aCO-MdFUSB
_bspa
_cCO-MdFUSB
_dCO-MdFUSBC
_erda
041 0 _aspa
_heng
082 0 4 _aG 227.92 R3281p
100 1 _aRees, Paul S. (Stromberg)
_eautor
245 0 _aPrimera epistola de Pedro
_c/ Paul S. Rees
264 1 _aBuenos Aires, Argentina :
_bJunta Bautista,
_c[1963]
300 _a162 Pag.
336 _2rdacontent
_atexto
_btxt
337 _2rdamedia
_asin mediación
_bn
338 _2rdacarrier
_avolumen
_bnc
500 _aTítulo original : Triumphant in trouble
653 _aBiblia N.T. - 1Pedro - Comentarios
942 _cBK